Normal view MARC view
  • Kinney, F. Arthur

Entry Personal Name

Number of records used in: 1

001 - CONTROL NUMBER

  • control field: 133556

003 - CONTROL NUMBER IDENTIFIER

  • control field: NUST

005 - DATE AND TIME OF LATEST TRANSACTION

  • control field: 20260303113040.0

008 - FIXED-LENGTH DATA ELEMENTS

  • fixed length control field: 260303|| aca||aabn | a|a d

040 ## - CATALOGING SOURCE

  • Original cataloging agency: NUST
  • Transcribing agency: NUST

100 ## - HEADING--PERSONAL NAME

  • Personal name: Kinney, F. Arthur

670 ## - SOURCE DATA FOUND

  • Source citation: Work cat.: (NUST): Kinney, F. Arthur., Elizabethan Backgrounds: Historical Documents of the Age of Elizabeth I /, 1990.
© 2023 Central Library, National University of Sciences and Technology. All Rights Reserved.